| 000 | 00475nam a2200181Ia 4500 | ||
|---|---|---|---|
| 003 | GCL | ||
| 008 | 140319s9999 xx 000 0 eng d | ||
| 040 |
_aGCL / _cGCL |
||
| 082 | 0 | 4 |
_a961 _bP N |
| 100 | 1 | _aPARSONS, NEIL | |
| 245 | 1 | 0 |
_aA NEW HISTORY OF SOUTHERN AFRICA / _cPARSONS, NEIL |
| 260 |
_a[S.N] : _bMACMILLAN EDUCATION L TD ، _c1994 |
||
| 300 | _a349 P | ||
| 650 | 0 | 4 | _aAFRICA - POLICY |
| 650 | 0 | 4 | _aSOUTH AFRICA |
| 650 | 0 | 4 | _aAFRICA - HISTORY |
| 942 |
_2ddc _cBK |
||
| 999 |
_c10212 _d10212 |
||